|
|
|
|
| LEADER |
00000cas a2200000 c 4500 |
| 001 |
515826480 |
| 003 |
DE-627 |
| 005 |
20230417201754.0 |
| 007 |
tu |
| 008 |
060815d19121912xx z| m| 0 |0ger c |
| 016 |
7 |
|
|a 980598931
|2 DE-101
|
| 016 |
7 |
|
|a 2243886-5
|2 DE-600
|
| 035 |
|
|
|a (DE-627)515826480
|
| 035 |
|
|
|a (DE-576)9515826489
|
| 035 |
|
|
|a (DE-599)ZDB2243886-5
|
| 035 |
|
|
|a (OCoLC)1199770672
|
| 040 |
|
|
|a DE-627
|b ger
|c DE-627
|e rakwb
|
| 041 |
|
|
|a ger
|
| 044 |
|
|
|c XA-AAAT
|
| 082 |
0 |
4 |
|a 610
|q DE-600
|
| 084 |
|
|
|a 44.01
|2 bkl
|
| 245 |
0 |
0 |
|a Beiträge zur Geschichte der Medizin
|c hrsg. von Dr. Adolf Kronfeld
|
| 264 |
3 |
1 |
|a Wien
|b Perles
|c 1912-1912
|
| 336 |
|
|
|a Text
|b txt
|2 rdacontent
|
| 337 |
|
|
|a ohne Hilfsmittel zu benutzen
|b n
|2 rdamedia
|
| 338 |
|
|
|a Band
|b nc
|2 rdacarrier
|
| 362 |
0 |
|
|a 2.1912 nachgewiesen
|
| 363 |
0 |
0 |
|a 2
|i 1912
|
| 655 |
|
7 |
|a Monografische Reihe
|0 (DE-588)4179998-7
|0 (DE-627)104628669
|0 (DE-576)209995106
|2 gnd-content
|
| 689 |
0 |
0 |
|d s
|0 (DE-588)4038243-6
|0 (DE-627)104584963
|0 (DE-576)209029218
|a Medizin
|2 gnd
|
| 689 |
0 |
|
|5 (DE-627)
|
| 770 |
0 |
8 |
|i Separatabdr. aus
|t Wiener medizinische Wochenschrift
|d Wien : Springer, 1851
|w (DE-627)129303410
|w (DE-600)123613-1
|w (DE-576)014497557
|x 0254-7945
|
| 936 |
b |
k |
|a 44.01
|j Geschichte der Medizin
|q ARK
|0 (DE-627)106409638
|
| 951 |
|
|
|a ST
|
| ELC |
|
|
|b 1
|
| ORI |
|
|
|a SA-MARC-krimdokb001.raw
|